Prueba de Misiones - Estadísticas

Estadísticas generales
  • Esta prueba ha sido intentada 33 veces
  • La puntuación promedio es 9 de 15
Estadísticas de respuestas
Pregunta Respuesta % Correcto
Cataratas famosas entre Argentina y Brasil Cataratas del Iguazú
100%
Gentilicio Misionero
100%
Única provincia limítrofe Corrientes
96%
Río que separa Misiones de Paraguay Paraná
96%
Capital Posadas
92%
Árbol cuyas hojas y ramas se utilizan para una bebida emblemática Yerba mate
71%
Apodo de Sergio Romero Chiquito
58%
Este país tiene la misma bandera, pero está invertido el orden de los colores Rusia
58%
Ciudad cuyo nombre conmemora una fecha importante 25 de Mayo
50%
Mejor árbitro del mundo en 2018 Néstor Pitana
46%
Esto ha disminuido gracias a la Ley de Bosque Deforestación
42%
Una modelo que apareció en Caiga quien caiga Ingrid Grudke
38%
Canción oficial de la provincia «Misionerita»
29%
Rivales históricos del Clásico Posadeño Guaraní Antonio Franco
21%
Rivales históricos del Clásico Posadeño Bartolomé Mitre
13%
No se encontraron pruebas coincidentes
Distribución de puntuación
Porcentaje de gente con cada puntuación
Porcentaje por número respondido
Historial de tus puntuaciones
No has intentado esta prueba.